| 000 | 00592nam a2200133Ia 4500 | ||
|---|---|---|---|
| 008 | 220615s9999||||xx |||||||||||||| ||und|| | ||
| 022 | _a16648714 | ||
| 100 | _aSean Kevin Meehan||Rachael D. Seidler | ||
| 245 | 2 | _aA Multidisciplinary Approach to Motor Learning and Sensorimotor Adaptation | |
| 546 | _aEnglish[eng] | ||
| 650 | _amotor learning||neural||sensorimotor||adaptation||Skilled Learning||plasticity||sequence learning||neuroimaging | ||
| 856 | _uhttp://journal.frontiersin.org/researchtopic/883/a-multidisciplinary-approach-to-motor-learning-and-sensorimotor-adaptation | ||
| 942 | _cEB | ||
| 999 |
_c7636 _d7636 |
||